Poisson, oiseau ou les deux ? - Statistiques

Statistiques générales
  • Ce quiz a été pris 191 fois
  • Le résultat moyen est 8 sur 15
Statistiques - réponses
Question Réponse % Correct
Daurade : Poisson, oiseau ou les deux ? Poisson
100%
Martinet : Poisson, oiseau ou les deux ? Oiseau
85%
Labre : Poisson, oiseau ou les deux ? Poisson
78%
Râle : Poisson, oiseau ou les deux ? Oiseau
67%
Arlequin : Poisson, oiseau ou les deux ? Les deux
63%
Rouget : Poisson, oiseau ou les deux ? Poisson
63%
Perche : Poisson, oiseau ou les deux ? Poisson
56%
Chevalier : Poisson, oiseau ou les deux ? Les deux
52%
Labbe : Poisson, oiseau ou les deux ? Oiseau
52%
Macreuse : Poisson, oiseau ou les deux ? Oiseau
52%
Chabot : Poisson, oiseau ou les deux ? Poisson
48%
Colin : Poisson, oiseau ou les deux ? Les deux
26%
Barbion: Poisson, oiseau ou les deux ? Les deux
19%
Galinette : Poisson, oiseau ou les deux ? Poisson
15%
Poule d'eau: Poisson, oiseau ou les deux ? Les deux
0%
Aucun quiz correspondant
Distribution des résultats
% des personnes avec chaque résultat
Percentile par nombre de réponses
Votre historique - résultats
Vous n’avez pas pris ce quiz